IFM Opac

Directiory of Libraries and Special Collections on Asia and North Africa (Record no. 19120)

MARC details
000 -LEADER
fixed length control field 00458nam a22001457a 4500
020 ## - INTERNATIONAL STANDARD BOOK NUMBER
International Standard Book Number 0 258 967897
082 ## - DEWEY DECIMAL CLASSIFICATION NUMBER
Classification number 026.95 COL
100 ## - MAIN ENTRY--PERSONAL NAME
Personal name Collison, Robert
245 ## - TITLE STATEMENT
Title Directiory of Libraries and Special Collections on Asia and North Africa
260 ## - PUBLICATION, DISTRIBUTION, ETC.
Place of publication, distribution, etc. London
Name of publisher, distributor, etc. Crosby Lockwood & Son LTD
Date of publication, distribution, etc. 1970
300 ## - PHYSICAL DESCRIPTION
Extent x,123p.
Other physical details 22cm
500 ## - GENERAL NOTE
General note Include: Index
650 ## - SUBJECT ADDED ENTRY--TOPICAL TERM
Topical term or geographic name entry element Directiory of Libraries and Special Collections on Asia and North Africa
942 ## - ADDED ENTRY ELEMENTS (KOHA)
Koha item type Books
Holdings
Withdrawn status Lost status Damaged status Not for loan Home library Current library Shelving location Date acquired Total Checkouts Full call number Barcode Date last seen Price effective from Koha item type
        IFM Main Campus Library IFM Main Campus Library Archival Collection 03/30/2021   026.95 COL 0000015622 10/11/2017 02/19/2022 Books